1684 1073 1791 1596 1266 1022 1909 1675 1309 1190 1498 1341 1844 1442 1751 1165 1168 1189 1376 1279 1303 1884 1141 1111 1002 1439 1172 1557 1690 1348 1033 1875 1753 1161 1849 1772 1743 1363 1213 1334 1776 1717 1553 1966 1274 1684 1828 1510 1622 1709 1112 1622 1135 1739 1459 1565 1847 1184 1557 1643 1463 1139 1884 1870 1321 1976 1059 1288 1582 1543 1100 1277 1390 1346 1610 1779 1315 1363 1567 1704 1812 1321 1277 1065 1637 1901 1717 1685 1639 1054 1019 1321 1750 1533 1917 1204 1918 1599 1135 BCNSPRNW ULIB Ver.6.0+V

เปลี่ยนเป็นภาษาไทย

Change to English
 แสดงรายละเอียดบรรณานุกรม
  กลับหน้าหลัก

Brief Record : Get Marc (ISO 2709) : E-mail record : QR code < ปิดหน้าต่าง
LEADER : 00000nam 2200000uu 4500
001    13399110968
003     ULIB
008    110614s||||||||th 000 0 tha d
020    9789741080595
050  4 AC158^bค451ว 2551
100 1  ฮยอนมิน, คิม
245 10 วิทยาศาสตร์ฉลาดรู้ เรื่อง ไฟฟ้าและเคลื่อนแม่เหล็ก /^cคิมฮยอนมิน, เรื่องและภาพ ; คิวัสว์ สุรกิจบวร, แปล
250    พิมพ์ครั้งที่ 1
260    กรุงเทพฯ :^bอัมรินทร์คอมมิกส์,^c2551
300    197 หน้า :^bภาพประกอบ ;^c21 ซม.
440  0 ชุดวิทยาศาสตร์ฉลาดรู้ ;^vลำดับที่ 14
650  7 การ์ตูน
650  7 ไฟฟ้า^xวรรณกรรมสำหรับเด็ก
650  7 คลื่นแม่เหล็กไฟฟ้า
650  7 วรรณกรรมเกาหลี
650  7 วรรณกรรมสำหรับเด็ก
700 0  คิวัสว์ สุรกิจบวร,^eผู้แปล
945    ^p199^l0^i024357
995    ทศพร
999 ^a ใช้งานได้ทุกระบบ
รายการนี้ยังไม่มีแท็ก
คุณยังไม่ได้ล็อกอิน คุณสามารถมีกิจกรรมร่วมกับเว็บไซต์ได้ แต่ต้องล็อกอินก่อน ::
  ล็อกอิน

รายการสื่อสารสนเทศ

ลำดับที่ ประเภท เลขเรียก/บาร์โค้ด สถานที่ สถานะ
- ไม่พบข้อมูล -

รายการใกล้เคียง
    ผู้แต่ง [ฮยอนมิน, คิม]

    หัวเรื่อง [การ์ตูน]
    หัวเรื่อง [คลื่นแม่เหล็กไฟฟ้า]
    หัวเรื่อง [วรรณกรรมเกาหลี]
    หัวเรื่อง [วรรณกรรมสำหรับเด็ก]

BibComment


ยังไม่เคยถูกคอมเมนท์

คอมเมนท์ทรัพยากรรายการนี้
  คอมเมนท์: วิทยาศาสตร์ฉลาดรู..


 Copyright 2026. Bcnsprnw @Library